00916nam a2200241 a 450000100060000000300080000600500170001400800410003103500190007204000310009104100080012208200240013010000280015424501710018225000120035326000490036530000300041450000190044465000450046394200120050899900170052095201370053773380BD-RjUL20211209082404.0170530s19621952enka 00110 eng d a(BD-RjUL)73598 aANLbengdBD-RjULcBD-RjUL aeng 223a630.7bPAS 19621 aPaterson, J. W.921706110aScience in agriculture :ba discussion of scientific principles in their relation to farm practice. Adapted for the use of schools and colleges /cJohn Waugh Paterson a5th ed. aLondon :bLongmans, c1952 [ printing 1962 ] c303 p. :a ill. ;b 20 cm aIncludes index aAgriculturevStudy and teaching.9217062 2ddccBK c73380d73380 00102ddc40718NFICaRUCLbRUCLcReadingd1963-11-21eEuro-pakg17.52l0o630.7 PAS 1962r2017-05-30 00:00:00tC-1w2017-05-30yBK